00942nam a2200229Ia 4500003000400000005001700004008004000021040000700061041000800068082001900076100003700095245002700132260004400159300001100203690004400214700003600258906001100294942001200305999001700317952018300334952019500517OSt20220606110551.0210210b2019 xxu||||| |||| 00| 0 eng d cAL aeng a321.80954 WILC aWilliams (Vasanthi Reena)940514 aConstitution of India  aMumbaibHimalaya Publishing Housec2019 avi,216 aIndian Constitution & Government940515 aDATTA (Noreen Alexeena)940516 a073356 2ddccBK c94893d94893 001040708Political ScienceaALbALcPolitical Scienced2021-02-17eBiblios Book Point, Surathkal-575014g225.00l0o321.80954 WILCp073357r2021-02-17 00:00:00w2021-02-17yBK 001040708Political ScienceaALbALcPolitical Scienced2021-02-17eBiblios Book Point, Surathkal-575014g225.00l2o321.80954 WILCp073356r2024-02-26 00:00:00s2024-01-02w2021-02-17yBK